ARRUPE JESUIT UNIVERSITY

CORONAVIRUS -STOP THE SPREAD - CLEAN,DISINFECT,COVER

The Natural contract (Record no. 122577)

MARC details
000 -LEADER
fixed length control field 00645nam a22001937a 4500
008 - FIXED-LENGTH DATA ELEMENTS--GENERAL INFORMATION
fixed length control field 150407b xxu||||| |||| 00| 0 eng d
020 ## - INTERNATIONAL STANDARD BOOK NUMBER
International Standard Book Number 9780472065493
050 ## - LIBRARY OF CONGRESS CALL NUMBER
Classification number GE60.S4713 1995
100 ## - MAIN ENTRY--PERSONAL NAME
Personal name Serres, M.
9 (RLIN) 16917
245 ## - TITLE STATEMENT
Title The Natural contract
Statement of responsibility, etc /by Michael Serres
260 ## - PUBLICATION, DISTRIBUTION, ETC. (IMPRINT)
Place of publication, distribution, etc USA
Name of publisher, distributor, etc University of Michigan Press
Date of publication, distribution, etc 1995
300 ## - PHYSICAL DESCRIPTION
Extent v,124p. ;
Dimensions 22cm
440 ## - SERIES STATEMENT/ADDED ENTRY--TITLE
Title Studies in literature and science
9 (RLIN) 16918
650 ## - SUBJECT ADDED ENTRY--TOPICAL TERM
Topical term or geographic name as entry element Environmental sciences
General subdivision Philosophy
9 (RLIN) 16919
650 ## - SUBJECT ADDED ENTRY--TOPICAL TERM
Topical term or geographic name as entry element Environmental responsibility
9 (RLIN) 3516
700 ## - ADDED ENTRY--PERSONAL NAME
Personal name MacArthur, Elizabeth (trans.)
9 (RLIN) 16920
700 ## - ADDED ENTRY--PERSONAL NAME
Personal name Paulson, W. (trans.)
9 (RLIN) 16921
942 ## - ADDED ENTRY ELEMENTS (KOHA)
Source of classification or shelving scheme Library of Congress Classification
Item type Monograph ( Printed materials)
Holdings
Withdrawn status Lost status Source of classification or shelving scheme Damaged status Not for loan Collection code Home library Current library Shelving location Date acquired Total Checkouts Full call number Barcode Date last seen Date last borrowed Price effective from Koha item type
    Library of Congress Classification     Main Collection ARRUPE LIBRARY ARRUPE LIBRARY Main Collection 07/04/2015 1 GE60.S4713 1995 46500002532 09/04/2018 26/10/2015 07/04/2015 Monograph ( Printed materials)

 

Arrupe Library. PO Box MP320 Mt Pleasant, Harare, Zimbabwe
263 242 745411|librarian@aju.ac.zw